Statistiques concernant Les grands conquérants.

Cliquez ici pour prendre le quiz!

Statistiques générales

  • Ce quiz a été pris 317 fois
  • Le résultat moyen est 4 sur 9

Statistiques - réponses

ContinentConquérant% Correct
EuropeNapoléon
93%
Europe-Asie-AfriqueAlexandre le grand
87%
AsieGengis-Khan
73%
EuropeHitler
58%
Asie-EuropeAttila
48%
EuropeCharlemagne
33%
Afrique-EuropeHannibal
29%
AsieTamerlan
20%
Asie-EuropeCyrus le grand
5%

Distribution des résultats

Percentile par nombre de réponses

% des personnes avec chaque résultat

Votre développement - résultats

Vous n’avez pas pris ce quiz